000
00222nam a2200121Ia 4500
100
_a
#N/A
650
_a
Computers
942
_c
BK
654
_a
FEDORA 10
245
_a
LINUX FOR YOU
260
_b
#N/A
546
_a
ENGLISH
999
_c
32045
_d
32045